000 00266 a2200109 4500
999 _c13442
_d13442
008 250813b ||||| |||| 00| 0 eng d
020 _a9772951003003
100 _a Ji-Young Kim Jeong-Hyeon Oh
245 _aA+PLUS 1
260 _bHye-Young Jeong
_c2024
942 _2ddc